000 00422nam a2200181Ia 4500
001 23247
005 20260414150924.0
008 260414t2016||||xx |||||||||||||| ||spa||
041 _aESP
082 _a627.13
_bV68H
100 _aVillón Béjar, Máximo
_eAUT
245 0 _aHEC - HMS :
_bejemplos
260 _c2016
300 _a652 páginas :
_c21 cm.
650 _a0
654 _aCIC
942 _cLIB
_dJUS
_fJUS
_2ddc
_n
999 _c23247
_d23247